[Event "Paris-ch"]
[Site "Paris"]
[Date "1988.??.??"]
[Round "1"]
[White "Chevallier, Didier"]
[Black "Haik, Aldo"]
[Result "1/2-1/2"]
[WhiteElo "2250"]
[BlackElo "2370"]

1.e4 c5 2.c3 Nf6 3.e5 Nd5 4.d4 cxd4 5.Nf3 e6 6.cxd4 b6 7.Nc3 Nxc3 8.bxc3 Bb7
9.Bd3 Be7 10.O-O Nc6 11.Nd2 d6 12.exd6 Qxd6 13.Qe2 O-O 14.Re1 Rac8 15.Qh5 g6
16.Qh6 Qd5 17.Nf3 f5 18.Bg5 Rf7 19.Bd2 Bf6 20.Qe3 Re7 21.Bf1 Na5 22.Ne5 Bxe5
23.Qxe5 Nc4 24.Qxd5 Bxd5 25.Bxc4 Rxc4 26.f3 Kf7 27.Kf2 Rec7 28.Reb1 Rd7 29.Rb2 Kf6
30.a4 Bc6 31.a5 b5 32.Rb4 e5 33.Rxc4 bxc4 34.dxe5+ Kxe5 35.Re1+ Kf6 36.Be3  1/2-1/2

[Event "Saint John op-1"]
[Site "Saint John"]
[Date "1988.??.??"]
[Round "?"]
[White "Russek, Guil"]
[Black "Velikov, Petar"]
[Result "0-1"]
[WhiteElo "2305"]
[BlackElo "2475"]

1.e4 c5 2.c3 Nf6 3.e5 Nd5 4.d4 cxd4 5.cxd4 d6 6.Nf3 e6 7.a3 Bd7 8.Bd3 Bc6
9.O-O Be7 10.Re1 Nd7 11.exd6 Bxd6 12.Nc3 Nxc3 13.bxc3 O-O 14.c4 Bxf3 15.Qxf3 Qh4
16.Rb1 Qxd4 17.Re4 Qf6 18.Qh3 g6 19.Bb2 Qe7 20.Rh4 f5 21.Re1 Bc5 22.Bc2 Rad8
23.Qc3 Qf6 24.Rxe6 Qxc3 25.Bxc3 Rfe8 26.Rxe8+ Rxe8 27.Bd1 Ne5 28.Kf1 Bxa3
29.c5 h5 30.Bb3+ Kh7 31.Bd5 Bxc5 32.Bxb7 Ng4 33.h3 Be7 34.hxg4 Bxh4 35.gxh5 gxh5  0-1

[Event "Schoeneck op"]
[Site "Schoeneck"]
[Date "1988.??.??"]
[Round "4"]
[White "Lane, Gary W"]
[Black "Kluss, Kai"]
[Result "1-0"]
[WhiteElo "2410"]
[BlackElo "2275"]

1.e4 c5 2.c3 Nf6 3.e5 Nd5 4.d4 cxd4 5.Nf3 Nc6 6.Bc4 Nb6 7.Bb3 d5 8.exd6 e6
9.cxd4 Bxd6 10.O-O O-O 11.Re1 Bd7 12.Nc3 Rc8 13.a3 Be7 14.Qd3 Bf6 15.Ne4 Nd5
16.Bc2 g6 17.Nxf6+ Qxf6 18.Bg5 Qh8 19.Ne5 Nxe5 20.dxe5 h6 21.Bd2 Rfd8 22.Rac1 Bc6
23.Qg3 Qg7 24.Be4 Ne7 25.Bxc6 Nxc6 26.Bc3 Rd5 27.Rcd1 Rcd8 28.Rxd5 Rxd5 29.h4 h5
30.Qf4 Qf8 31.g4 hxg4 32.Qxg4 Qh6 33.Kg2 Qh5 34.Qxh5 gxh5 35.Kf3 Nd4+ 36.Ke4 Nf5
37.Rg1+ Kf8 38.Rg5 Nxh4 39.Rxh5 Nf5 40.Rxf5  1-0

[Event "Rilton Cup"]
[Site "Stockholm"]
[Date "1988.??.??"]
[Round "?"]
[White "Lindgren, Mats"]
[Black "Denis, Laurent"]
[Result "1-0"]
[WhiteElo "2230"]
[BlackElo "2215"]

1.e4 c5 2.c3 Nf6 3.e5 Nd5 4.d4 cxd4 5.Nf3 d6 6.Bc4 e6 7.cxd4 Be7 8.O-O O-O
9.Qe2 Nc6 10.Nc3 Nxc3 11.bxc3 b6 12.Bd3 Bb7 13.Qe4 g6 14.Bh6 Re8 15.Bb5 Qc7
16.Qf4 a6 17.Be2 dxe5 18.dxe5 Na5 19.h4 Bxf3 20.Bxf3 Rac8 21.Rad1 Red8 22.h5 Nc4
23.Rfe1 Nb2 24.Rxd8+ Rxd8 25.Re3 Nc4 26.Re1 b5 27.Bg5 Bxg5 28.Qxg5 Rd2 29.Re4 Qd8
30.Qh6 Qf8 31.Qg5 h6 32.Qf6 Qg7 33.hxg6 Qxf6 34.exf6 Rxa2 35.g7 Rd2 36.Rh4 Ne5
37.Rxh6 Ng6 38.Be4 Rd1+ 39.Kh2 Rd2 40.Bxg6 fxg6 41.Rh8+ Kf7 42.Rf8+  1-0

[Event "DDR-ch (Women)"]
[Site "Stralsund"]
[Date "1988.??.??"]
[Round "1"]
[White "Seils, Gundula"]
[Black "Goehler, Antje"]
[Result "0-1"]
[WhiteElo "2020"]
[BlackElo "2175"]

1.e4 c5 2.c3 Nf6 3.e5 Nd5 4.d4 cxd4 5.Nf3 e6 6.cxd4 b6 7.Bc4 Bb7 8.O-O Qc7
9.Bxd5 Bxd5 10.Nc3 Qb7 11.Nxd5 Qxd5 12.Ne1 Nc6 13.Be3 d6 14.f4 Rd8 15.Nf3 Be7
16.Qe1 O-O 17.Rc1 Rc8 18.b3 Rfd8 19.Qg3 f5 20.Qh3 Nb4 21.g4 g6 22.gxf5 exf5
23.Qg2 Qe4 24.Bd2 Nd3 25.Rce1 Nxe1 26.Rxe1 Qd5 27.h4 Kh8 28.Kh1 Rc2  0-1

[Event "Thessaloniki ol (Men)"]
[Site "Thessaloniki"]
[Date "1988.??.??"]
[Round "1"]
[White "Handoko, Edhi"]
[Black "Demitrakis, M."]
[Result "1-0"]
[WhiteElo "2380"]
[BlackElo "2200"]

1.e4 c5 2.c3 Nf6 3.e5 Nd5 4.d4 cxd4 5.Qxd4 e6 6.Nf3 Nc6 7.Qe4 Qc7 8.Bb5 d6
9.O-O Bd7 10.c4 Ndb4 11.a3 d5 12.Qe2 Na6 13.cxd5 exd5 14.Nc3 Be6 15.Rd1 Rd8
16.Bg5 Rd7 17.Bxa6 bxa6 18.Qxa6 Qb6 19.Qxb6 axb6 20.Rac1 h6 21.Be3 Bc5 22.b4 Bxe3
23.fxe3 Ke7 24.Na4 b5 25.Nb6  1-0

[Event "Thessaloniki ol (Men)"]
[Site "Thessaloniki"]
[Date "1988.??.??"]
[Round "7"]
[White "Antonio, Rogelio Jr"]
[Black "Bellon Lopez, Juan Manuel"]
[Result "1-0"]
[WhiteElo "2325"]
[BlackElo "2450"]

1.e4 c5 2.c3 Nf6 3.e5 Nd5 4.d4 cxd4 5.Nf3 e6 6.Bc4 dxc3 7.Bxd5 cxb2 8.Bxb2 Qa5+
9.Nc3 Ba3 10.Qb3 Bxb2 11.Qxb2 exd5 12.Rd1 Na6 13.O-O Nc7 14.Nd4 O-O 15.Nf5 d4
16.Ne4 Qxe5 17.Ned6 Qf6 18.Qxd4 Rd8 19.Qxf6 gxf6 20.Nxc8 Raxc8 21.Ne7+ Kf8
22.Nxc8 Rxc8 23.Rxd7 Ke8 24.Rfd1 b5 25.f4 f5 26.g3 b4 27.R7d6 Nb5 28.R6d5 Nc3
29.Re5+ Kf8 30.Rd2 Rc6 31.Ra5 a6 32.Rxf5 Ke7 33.Kg2 f6 34.Rh5 Ke6 35.Kf3 Rc7
36.g4 Rc8 37.h4 Rc7 38.Kg3 Rc6 39.Rb2 Rb6 40.Rc5 Na4 41.Rbc2 Kd6 42.Rf5 Kd7
43.g5 fxg5 44.hxg5  1-0

[Event "Thessaloniki ol (Men)"]
[Site "Thessaloniki"]
[Date "1988.??.??"]
[Round "8"]
[White "Espinoza Flores, Rafael"]
[Black "Khan, Mohd Omer"]
[Result "0-1"]
[WhiteElo "2425"]
[BlackElo "2325"]

1.e4 c5 2.c3 Nf6 3.e5 Nd5 4.d4 cxd4 5.Nf3 e6 6.cxd4 b6 7.Nc3 Nxc3 8.bxc3 Be7
9.Bd3 Bb7 10.O-O O-O 11.Qc2 Bxf3 12.gxf3 g6 13.Bh6 Re8 14.f4 Nc6 15.Kh1 Rc8
16.Rg1 Kh8 17.Qe2 Bf8 18.Bg5 Be7 19.Bh6 Bf8 20.Bg5 Be7 21.Qf3 Bxg5 22.Rxg5 Ne7
23.Be4 Rg8 24.Rag1 Qc7 25.R5g3 Qc4 26.h4 Qxa2 27.h5 Nf5 28.Bxf5 exf5 29.Rh3 Qe6
30.d5 Qe7 31.Qd3 Qc5 32.Rg2 Qc4 33.Qd2 Qe4 34.Kh2 Rc4 35.hxg6 fxg6 36.Rh4 Kg7
37.Rg3 Rc5 38.Re3 Qc4 39.Rd3 g5 40.Rh5 Qxf4+ 41.Qxf4 gxf4 42.Rxf5 Rf8 43.Rxf8 Kxf8
44.Kh3 a5 45.Kg4 a4 46.Kf5 a3 47.c4 a2 48.Rd1 Rxc4 49.Ra1 Ra4 50.e6 Ke7 51.d6+ Kxd6
52.Rd1+ Ke7 53.exd7 Kd8  0-1

[Event "SVK-ch"]
[Site "Trnava"]
[Date "1988.??.??"]
[Round "10"]
[White "Salai, Ladislav"]
[Black "Lanc, Alois"]
[Result "1-0"]
[WhiteElo "2340"]
[BlackElo "2435"]

1.e4 c5 2.c3 Nf6 3.e5 Nd5 4.d4 cxd4 5.Nf3 e6 6.cxd4 b6 7.Nc3 Nxc3 8.bxc3 Qc7
9.Bd2 d6 10.exd6 Bxd6 11.Bd3 Nd7 12.O-O Bb7 13.Re1 O-O 14.Qe2 Rfe8 15.Be4 Bxe4
16.Qxe4 Rac8 17.Qh4 Be7 18.Qh3 Qc4 19.Re4 Nf6 20.Ne5 Qa4 21.Re2 Bd6 22.f4 Qc2
23.Qf3 Qb2 24.Rf1 Qxa2 25.c4 Qa3 26.Re3 Qa4 27.g4 Re7 28.f5 exf5 29.Qxf5 Rf8
30.Rh3 Re6 31.Bg5 g6 32.Nxg6 Qxc4 33.Nxf8  1-0

[Event "Tirnavia-B"]
[Site "Trnava"]
[Date "1988.??.??"]
[Round "13"]
[White "Rozentalis, Eduardas"]
[Black "Lanc, Alois"]
[Result "1-0"]
[WhiteElo "2520"]
[BlackElo "2460"]

1.e4 c5 2.c3 Nf6 3.e5 Nd5 4.d4 cxd4 5.Qxd4 e6 6.Nf3 Nc6 7.Qe4 Qc7 8.g3 Nde7
9.Na3 Ng6 10.Nb5 Qb8 11.Bf4 a6 12.Nd6+ Bxd6 13.exd6 b5 14.Bg2 Bb7 15.O-O-O O-O
16.Qe2 b4 17.c4 Na5 18.b3 Nxf4 19.gxf4 Qd8 20.Rhg1 Rc8 21.Qb2 f6 22.Nd4 Rc5
23.Bh3 Qc8 24.Nxe6 dxe6 25.d7 Qd8 26.Bxe6+ Kh8 27.Qd4 Rc7 28.f5 Nc6 29.Qg4 Rg8
30.Bxg8 Qxg8 31.Qg3  1-0

[Event "URS-ch otbor56"]
[Site "Uzhgorod"]
[Date "1988.??.??"]
[Round "?"]
[White "Rozentalis, Eduardas"]
[Black "Arbakov, Valentin"]
[Result "0-1"]
[WhiteElo "2490"]
[BlackElo "2415"]

1.e4 c5 2.c3 Nf6 3.e5 Nd5 4.d4 cxd4 5.cxd4 d6 6.Bc4 Nb6 7.Bb5+ Bd7 8.e6 Bxb5
9.Qh5 Qc8 10.Qxb5+ Qc6 11.exf7+ Kd8 12.Nc3 Qxb5 13.Nxb5 Kd7 14.Nf3 Nc6 15.Be3 e6
16.O-O Be7 17.Rfe1 Rhf8 18.Re2 Rxf7 19.Rae1 Nd5 20.Nc3 Rf5 21.Ne4 h6 22.h4 Raf8
23.Ng3 R5f7 24.h5 Ncb4 25.Rd2 Rc8 26.Nf1 Rf5 27.a3 Nc2 28.Rc1 Ncxe3 29.Rxc8 Kxc8
30.fxe3 Nf6 31.Rc2+ Kd7 32.Ng3 Rb5 33.e4 Ng4 34.Re2 Rb3 35.Nf1 Bd8 36.N1h2 Ne3
37.Nf1 Nc4 38.Rc2 b5 39.a4 a6 40.axb5 axb5 41.N1d2 Rxb2 42.Rxb2 Nxb2 43.Kf2 Bb6
44.Ke2 d5 45.exd5 exd5 46.g4 Nc4 47.Nb3 Ke6 48.Kd3 Na5 49.Nxa5 Bxa5 50.Kc2 Bd8
51.Kb3 Be7 52.Ng1 Kd7 53.Ne2 Bf6 54.Kb4 Kc6 55.Kc3 Be7 56.Ng3 b4+ 57.Kb3 Bf6
58.Nf5 Kb5 59.Nd6+ Kb6 60.Nf5 Ka5 61.Ne3 Bxd4 62.Nxd5 Bc5 63.Nc7 Be7 64.Ne8 Bf6
65.Nd6 Kb6 66.Kc4 Kc6 67.Ne4 Bh4 68.Nd2 Kd6 69.Nb3 Be1 70.Nc5 Ke7 71.Kd5 Bf2
72.Nd3 b3 73.Kc4 Be3 74.g5 Bxg5 75.Kxb3 Kf6 76.Kc4 Kf5 77.Kd4 Kg4 78.Ke4 Kxh5
79.Kf3 Kh4 80.Ke4 Kg4 81.Ne5+ Kg3 82.Kf5 Bf6  0-1

[Event "Val Maubuee op"]
[Site "Val Maubuee"]
[Date "1988.??.??"]
[Round "?"]
[White "San Marco, Bruno"]
[Black "Haik, Aldo"]
[Result "0-1"]
[WhiteElo "2130"]
[BlackElo "2370"]

1.e4 c5 2.c3 Nf6 3.e5 Nd5 4.d4 cxd4 5.Nf3 e6 6.cxd4 b6 7.Nc3 Nxc3 8.bxc3 Bb7
9.Bd3 Be7 10.O-O O-O 11.Bf4 d6 12.Re1 dxe5 13.Nxe5 Nd7 14.Nxd7 Qxd7 15.Re3 g6
16.Qg4 Rac8 17.h4 f5 18.Qg3 Bf6 19.h5 Kf7 20.Be5 Bxe5 21.dxe5 Rg8 22.Qg5 Qe7
23.Qh6 Rg7 24.hxg6+ hxg6 25.Be2 Rd8 26.Rg3 g5 27.Qh5+ Kg8 28.Rh3 g4 29.Rh2 Qg5
30.Qxg5 Rxg5 31.Rh6 Rd2 32.Bf1 Kf7 33.a4 Rg6 34.Rh7+ Rg7 35.Rh8 Rd5 36.Re1 Rc5
37.c4 Bc6 38.Rc8 Kg6 39.a5 Be4 40.Rxc5 bxc5 41.Be2 Kg5 42.f3 gxf3 43.gxf3 Kf4+
44.Kf2 Bc6  0-1

[Event "Warsaw"]
[Site "Warsaw"]
[Date "1988.??.??"]
[Round "2"]
[White "Maciejewski, Andrzej"]
[Black "Bielczyk, Jacek"]
[Result "1/2-1/2"]
[WhiteElo "2410"]
[BlackElo "2385"]

1.e4 c5 2.c3 Nf6 3.e5 Nd5 4.d4 cxd4 5.Nf3 Nc6 6.cxd4 d6 7.Bc4 Nb6 8.Bb5 dxe5
9.Nxe5 Bd7 10.Bxc6 Bxc6 11.Nxc6 bxc6 12.O-O g6 13.Re1 Bg7 14.Bg5 O-O 15.Bxe7 Qxd4
16.Nc3 Qxd1 17.Raxd1 Rfe8 18.Bc5 Rxe1+ 19.Rxe1 Nc4 20.b3 Bxc3 21.Rc1 Rd8
22.g3  1/2-1/2

[Event "Warsaw"]
[Site "Warsaw"]
[Date "1988.??.??"]
[Round "7"]
[White "Adamski, Andrzej"]
[Black "Milovanovic, Rade"]
[Result "1/2-1/2"]
[WhiteElo "2275"]
[BlackElo "2415"]

1.e4 c5 2.c3 Nf6 3.e5 Nd5 4.d4 cxd4 5.Nf3 Nc6 6.cxd4 d6 7.Nc3 dxe5 8.dxe5 Be6
9.Be2 Nxc3 10.Qxd8+ Rxd8 11.bxc3 f6 12.Rb1 Rd7 13.Nd4 Nxd4 14.cxd4 Kf7 15.O-O Bxa2
16.Ra1 Bd5 17.Rxa7 e6 18.Ra8 Rg8 19.Bb5 Bc6 20.Bxc6 bxc6 21.Rc8 fxe5 22.dxe5 c5
23.Be3 Be7 24.Rc6 Rd5 25.f4 Rgd8 26.Kf2 Ra8 27.Re1 g5 28.Re2 gxf4 29.Bxf4 Ra4
30.g3 c4 31.Rc7 Rc5 32.Rb7 Ke8 33.Rd2 Rd5 34.Rc2 Bc5+ 35.Kg2 Rd7 36.Rb8+ Kf7
37.Rc8 Rd5 38.Rc6 Bd4 39.R2xc4 Rxc4 40.Rxc4 Bxe5 41.Bxe5 Rxe5 42.Rc7+ Kg6
43.g4 Re2+ 44.Kg3 Re3+ 45.Kg2 h6 46.h4  1/2-1/2

[Event "Warsaw"]
[Site "Warsaw"]
[Date "1988.??.??"]
[Round "13"]
[White "Maciejewski, Andrzej"]
[Black "Baumbach, Friedrich"]
[Result "1/2-1/2"]
[WhiteElo "2410"]
[BlackElo "2315"]

1.e4 c5 2.c3 Nf6 3.e5 Nd5 4.d4 cxd4 5.Nf3 Nc6 6.cxd4 d6 7.Bc4 Nb6 8.Bb5 dxe5
9.Nxe5 Bd7 10.Bxc6 Bxc6 11.Nxc6 bxc6 12.O-O g6 13.Qc2 Rc8 14.Rd1 Bg7 15.a4 O-O
16.a5 Nd5 17.Qc5 Qd7 18.Nc3 Rfd8 19.h3 Rb8 20.Ra4 a6  1/2-1/2

[Event "Wellington"]
[Site "Wellington"]
[Date "1988.??.??"]
[Round "?"]
[White "Sarapu, Ortvin"]
[Black "Rogers, Ian"]
[Result "0-1"]
[WhiteElo "2345"]
[BlackElo "2575"]

1.e4 c5 2.c3 Nf6 3.Bd3 Nc6 4.Qe2 e6 5.f4 a6 6.Nf3 Qc7 7.g3 b5 8.Bc2 Bb7 9.d3 Be7
10.Nbd2 d6 11.a3 g6 12.Nf1 Na5 13.Be3 c4 14.N1d2 cxd3 15.Bxd3 Ng4 16.Bg1 O-O
17.h3 Nf6 18.Bd4 Nh5 19.Qf2 Nc6 20.Be3 e5 21.f5 Rfe8 22.Ng5 Bxg5 23.Bxg5 d5
24.O-O Na5 25.Be2 Ng7 26.g4 dxe4 27.Qe3 Qc6 28.Bh6 Rad8 29.Rad1 Rd3 30.Bxd3 exd3
31.Nf3 Nc4 32.Qf2 gxf5 33.Bxg7 Qxf3 34.Qxf3 Bxf3 35.Rxf3 e4 36.Bh6 Re6 37.gxf5 Rxh6
38.Rg3+ Kf8 39.b3 Nd6 40.Re3 Rf6 41.Rf1 Rxf5 42.Rfe1 Rc5  0-1

[Event "Zuerich op"]
[Site "Zuerich"]
[Date "1988.??.??"]
[Round "4"]
[White "Kranzl, Peter"]
[Black "Lendwai, Reinhard"]
[Result "1-0"]
[WhiteElo "2285"]
[BlackElo "2320"]

1.e4 c5 2.c3 Nf6 3.e5 Nd5 4.d4 cxd4 5.Qxd4 Nc7 6.Nf3 Nc6 7.Qe4 d5 8.exd6 Qxd6
9.Bf4 Qe6 10.Bd3 Qxe4+ 11.Bxe4 Ne6 12.Be3 g6 13.Na3 Bg7 14.O-O f5 15.Bd5 Nc7
16.Bxc6+ bxc6 17.Rfe1 Bf6 18.Nc4 Nd5 19.Bd4 Kd7 20.Rad1 Kc7 21.Be5+ Bxe5
22.Ncxe5 Bb7 23.Nd4 Rac8 24.Ne6+ Kb8 25.Rd3 Nc7 26.Nc5 Nd5 27.c4 Nb6 28.Rb3 Rc7
29.a4 Kc8 30.a5 Nd5 31.a6 Ba8 32.cxd5 cxd5 33.Ne6 Rc2 34.h3  1-0

[Event "Alicante op"]
[Site "Alicante"]
[Date "1989.??.??"]
[Round "?"]
[White "Westerinen, Heikki MJ"]
[Black "Bellon Lopez, Juan Manuel"]
[Result "1/2-1/2"]
[WhiteElo "2400"]
[BlackElo "2470"]

1.e4 c5 2.c3 Nf6 3.e5 Nd5 4.d4 cxd4 5.cxd4 e6 6.Nf3 b6 7.a3 Bb7 8.Bd3 d6
9.O-O Nd7 10.Re1 dxe5 11.Nxe5 Nxe5 12.dxe5 Qc7 13.Bb5+ Bc6 14.Qa4 Rc8 15.Bd2 Qd7
16.Bxc6 Qxc6 17.Qxc6+ Rxc6 18.Nc3  1/2-1/2

[Event "Alicante op"]
[Site "Alicante"]
[Date "1989.??.??"]
[Round "?"]
[White "Westerinen, Heikki MJ"]
[Black "Cramling, Pia"]
[Result "0-1"]
[WhiteElo "2400"]
[BlackElo "2480"]

1.e4 c5 2.c3 Nf6 3.e5 Nd5 4.d4 cxd4 5.Qxd4 e6 6.Nf3 Nc6 7.Qe4 f5 8.exf6 Nxf6
9.Qc2 Qc7 10.Bd3 Be7 11.O-O b6 12.Bg5 Bb7 13.Qe2 Ng4 14.g3 Nce5 15.Nxe5 Nxe5
16.Be4 d5 17.Bf4 Qc4 18.Qh5+ Nf7 19.Nd2 Qc6 20.Bg2 O-O 21.c4 Qd7 22.Rad1 Rad8
23.Nb3 Bf6 24.cxd5 Bxd5 25.Rd2 Qa4 26.Bxd5 exd5 27.Nc1 g5 28.Bxg5 Nxg5 29.h4 Nf7
30.Rxd5 Qe4 31.Rf5 Bg7 32.Ne2 Ne5 33.Rxf8+ Rxf8 34.Nc3 Nf3+ 35.Kh1 Bxc3 36.bxc3 Nxh4+
37.f3 Nxf3  0-1

[Event "Athens Akropolis"]
[Site "Athens"]
[Date "1989.??.??"]
[Round "?"]
[White "Makropoulos, Georgios"]
[Black "Velikov, Petar"]
[Result "0-1"]
[WhiteElo "2455"]
[BlackElo "2465"]

1.e4 c5 2.c3 Nf6 3.e5 Nd5 4.d4 cxd4 5.Nf3 e6 6.cxd4 d6 7.a3 Bd7 8.Bd3 Bc6
9.O-O Nd7 10.Re1 Be7 11.Nbd2 dxe5 12.dxe5 Nc5 13.Be4 Ba4 14.Qe2 O-O 15.Nd4 Rc8
16.Qf3 Nb6 17.Qg4 g6 18.N2f3 Nxe4 19.Rxe4 Bc2 20.Nxc2 Rxc2 21.Bh6 Rxb2 22.h4 Qd3
23.Bxf8 Bxf8 24.Rd4 Qe2 25.Rd8 Qxf2+ 26.Kh1 Nd5 27.Rc1 Rc2 28.Rxc2 Qxc2 29.Nd4 Qd2
30.Kh2 Qc3 31.Nf3 h6 32.Qd4 Qxa3 33.h5 g5 34.Qc4 Kg7 35.Qc8 Qb4 36.g3 g4
37.Nh4 Ne3 38.Qc1 Be7 39.Rd3 Bg5  0-1

[Event "Augsburg"]
[Site "Augsburg"]
[Date "1989.??.??"]
[Round "3"]
[White "Roeder, Frank"]
[Black "Klebel, Martin"]
[Result "1/2-1/2"]
[WhiteElo "2355"]
[BlackElo "2360"]

1.e4 c5 2.c3 Nf6 3.e5 Nd5 4.d4 cxd4 5.cxd4 e6 6.Nc3 Nxc3 7.bxc3 b6 8.f4 Qc7
9.Bd2 Be7 10.Nf3 O-O 11.Bd3 Ba6 12.Bxa6 Nxa6 13.O-O Rac8 14.Ng5 f6 15.exf6 Bxf6
16.Qh5 Bxg5 17.fxg5 Qc4 18.g6 hxg6 19.Qxg6 Rxf1+ 20.Rxf1 Rf8 21.Rxf8+ Kxf8
22.h4 Qe2 23.Qg5 Nc7 24.Qd8+ Kf7 25.Qxd7+ Kg6 26.Bg5 Nd5 27.Qe8+ Kh7 28.h5 Nf4
29.Bxf4 Qe1+  1/2-1/2

[Event "AUT-chT"]
[Site "?"]
[Date "1989.??.??"]
[Round "?"]
[White "Lockl, Lothar"]
[Black "Schoeppl, Engelbert"]
[Result "1-0"]
[WhiteElo "2250"]
[BlackElo "2315"]

1.e4 c5 2.c3 Nf6 3.e5 Nd5 4.d4 Nc6 5.Nf3 cxd4 6.Bc4 e6 7.cxd4 Be7 8.O-O Nb6
9.Bb3 d6 10.Qe2 O-O 11.Nc3 Bd7 12.Rd1 Rc8 13.a3 Na5 14.Bc2 Nac4 15.Ne4 Qc7
16.Nfg5 Nxb2 17.Qh5 h6 18.Nf6+ Bxf6 19.Bh7+ Kh8 20.exf6 Nxd1 21.fxg7+ Kxg7
22.Nxe6+ Kf6 23.Nxc7 Rxc7 24.Bxh6  1-0

[Event "Bad Mergentheim op"]
[Site "Bad Mergentheim"]
[Date "1989.??.??"]
[Round "?"]
[White "Schmidt, Stefan"]
[Black "Kraut, Rainer"]
[Result "1-0"]
[WhiteElo "2260"]
[BlackElo "2380"]

1.e4 c5 2.c3 Nf6 3.d3 d5 4.Nd2 Nc6 5.Ngf3 e6 6.Be2 Be7 7.O-O O-O 8.Re1 Qc7
9.Bf1 b6 10.b3 Ba6 11.e5 Nd7 12.Bb2 Rac8 13.Rc1 Qb8 14.a3 d4 15.Qe2 dxc3
16.Bxc3 Nd4 17.Nxd4 cxd4 18.Bxd4 Rxc1 19.Rxc1 Bxa3 20.Ra1 Bc5 21.Bxc5 Nxc5
22.Qe3 Bb7 23.d4 Nd7 24.Nc4 Bd5 25.Nd6 a5 26.Bb5 Rd8 27.Rc1 Nf8 28.Rc3 Ng6
29.Qc1 f6 30.f4 fxe5 31.dxe5 Qa8 32.g3 Bg2 33.Rc7 Bh3 34.Bc6 Qa6 35.Qc4 Qxc4
36.Nxc4 Rd1+ 37.Kf2 Rb1 38.Nd2 Rd1 39.Ke3 Re1+ 40.Kd4 Rd1 41.Kc3 Bf5 42.Nc4 h5
43.Nd6 Ne7 44.Rxe7 Rc1+ 45.Kd4 Rxc6 46.Nxf5 exf5 47.Rb7 Rc2 48.e6 Kf8 49.Ke5 Rxh2
50.Rf7+ Kg8 51.Rxf5 Re2+ 52.Kd6 Rd2+ 53.Rd5 Re2 54.e7  1-0

[Event "FRG-ch"]
[Site "Bad Neuenahr"]
[Date "1989.??.??"]
[Round "?"]
[White "Blauert, Joerg"]
[Black "Sehner, Norbert"]
[Result "0-1"]
[WhiteElo "2275"]
[BlackElo "2415"]

1.e4 c5 2.c3 Nf6 3.e5 Nd5 4.d4 e6 5.Nf3 Nc6 6.c4 Ndb4 7.d5 exd5 8.cxd5 Nd4
9.Nxd4 cxd4 10.a3 Qa5 11.Bd2 d3 12.axb4 Qxa1 13.Bxd3 Qxb2 14.O-O Qd4 15.Qf3 Bxb4
16.Qg3 Bxd2 17.Nxd2 O-O 18.Ne4 h6 19.Nd6 g5 20.Nf5 Qf4 21.Qh3 d6 22.e6 fxe6
23.Nxh6+ Kg7 24.dxe6 g4 25.Nxg4 Rh8 26.Qg3 Qxg3 27.fxg3 Bxe6 28.Ne3 a6 29.Bf5 Rhe8
30.g4 Bf7 31.Kf2 d5 32.Rd1 Rad8 33.Rd4 Kf6 34.h4 Ke5 35.Nc2 Be6 36.Bxe6 Rxe6
37.g5 Rf8+ 38.Kg3 Rc6 39.Rd2 Rc3+ 40.Kg4 Rc4+ 41.Kh3 Re4 42.g3 d4 43.g6 Rd8
44.Rd3 Kf6 45.h5 Kg5 46.g7 Kxh5 47.Nxd4 Rg4 48.Ne6 Rxd3 49.Nf4+ Kh6 50.Kxg4 Rd8
51.Ne6 Rg8  0-1

[Event "Belgrade op"]
[Site "Belgrade"]
[Date "1989.??.??"]
[Round "2"]
[White "Petrovic, Zoran"]
[Black "Kapetanovic, Armin"]
[Result "0-1"]
[WhiteElo "2245"]
[BlackElo "2375"]

1.e4 c5 2.c3 Nf6 3.e5 Nd5 4.d4 e6 5.Nf3 cxd4 6.cxd4 Nc6 7.Nc3 d6 8.Bb5 Nxc3
9.bxc3 Bd7 10.Qe2 Qa5 11.Bd2 Nxe5 12.c4 Nxf3+ 13.Qxf3 Qc7 14.Bxd7+ Qxd7 15.Rb1 d5
16.cxd5 exd5 17.O-O Be7 18.Rfe1 O-O 19.Re5 Rad8 20.Rh5 g6 21.Rh3 f5 22.Bf4 Bf6
23.Be5 Bxe5 24.dxe5 b6 25.Qa3 Rf7 26.f4 Qe6 27.Qb3 Rc7 28.Rd3 Rc5 29.Rbd1 Qc6
30.a4 Rc4 31.Qa3 Rxf4 32.Qe7 Re8 33.Qd6 Qxd6 34.exd6 Rxa4 35.Rxd5 Rae4 36.d7 Rd8
37.Rc1 Kf7 38.Rc7 a5 39.Rb7 Re6 40.Rb5 Ke7 41.R5xb6 Rxb6 42.Rxb6 Ra8 43.Kf2 a4
44.Ke3 a3 45.Rb1 a2 46.Ra1 Kxd7 47.Kd4 Kd6 48.Kc3 Kc5 49.Kb2 Kb4 50.g3 g5  0-1

[Event "Noviki-A"]
[Site "Budapest"]
[Date "1989.??.??"]
[Round "?"]
[White "Van Mil, Johannes A J"]
[Black "Krasenkow, Michal"]
[Result "0-1"]
[WhiteElo "2370"]
[BlackElo "2525"]

1.e4 c5 2.c3 Nf6 3.e5 Nd5 4.d4 cxd4 5.Nf3 e6 6.cxd4 b6 7.Nc3 Nxc3 8.bxc3 Qc7
9.Be2 Qxc3+ 10.Bd2 Qa3 11.Rc1 Nc6 12.Rc3 Qe7 13.Ng5 f5 14.exf6 Qxf6 15.Nxe6 dxe6
16.Bb5 Bd7 17.Bxc6 Bxc6 18.Rxc6 Be7 19.Qe2 Qxd4 20.Qxe6 Rd8 21.Rc2 Qd5 22.Qxd5 Rxd5
23.Rc8+ Bd8 24.Ke2 Kd7 25.Rhc1 Rxd2+  0-1

[Event "Spring op"]
[Site "Budapest"]
[Date "1989.??.??"]
[Round "?"]
[White "Sveshnikov, Evgeny"]
[Black "Kovalev, Andrei"]
[Result "1/2-1/2"]
[WhiteElo "2435"]
[BlackElo "2475"]

1.e4 c5 2.c3 Nf6 3.e5 Nd5 4.d4 cxd4 5.cxd4 d6 6.Nf3 Nc6 7.Bc4 Nb6 8.Bb5 dxe5
9.Nxe5 Bd7 10.Nxd7 Qxd7 11.Nc3 e6 12.Qg4 a6 13.Bxc6 Qxc6 14.O-O h5 15.Qe2 Be7
16.Be3 h4 17.Rac1 h3 18.gxh3 Rxh3 19.Qg4 Qf3 20.Qxf3 Rxf3 21.d5 Nc4 22.dxe6 fxe6
23.Nd1 Nxe3 24.Nxe3 Rd8 25.Rc2 Bf6 26.Re1 Rf4 27.h3 Rfd4 28.Ree2 Kf7 29.Kg2 R8d7  1/2-1/2

[Event "Cannes op"]
[Site "Cannes"]
[Date "1989.??.??"]
[Round "?"]
[White "Chevallier, Didier"]
[Black "Mednis, Edmar John"]
[Result "0-1"]
[WhiteElo "2255"]
[BlackElo "2450"]

1.e4 c5 2.c3 Nf6 3.e5 Nd5 4.d4 cxd4 5.Nf3 Nc6 6.Bc4 Nb6 7.Bb3 d5 8.exd6 Qxd6
9.O-O e6 10.cxd4 Be7 11.Nc3 O-O 12.Re1 Nd5 13.Qd3 Ncb4 14.Qe2 Bd7 15.Ne5 Rad8
16.Qf3 Bc6 17.Qg3 Nf6 18.Bh6 Nh5 19.Qg4 Qxd4 20.Qxh5 gxh6 21.Ng4 Qg7 22.Ne4 Nd3
23.Re3 Nf4 24.Qe5 Qxg4  0-1

[Event "Caorle op"]
[Site "Caorle"]
[Date "1989.??.??"]
[Round "3"]
[White "Thallinger, Guenther"]
[Black "Zlatanovic, Zoran"]
[Result "1/2-1/2"]
[WhiteElo "2000"]
[BlackElo "2000"]

1.e4 c5 2.c3 Nf6 3.e5 Nd5 4.d4 cxd4 5.Nf3 Nc6 6.cxd4 d6 7.Bc4 Nb6 8.Bb5 d5
9.h3 h5 10.b3 Bf5 11.Ba3 Rc8 12.O-O e6 13.Bxf8 Kxf8 14.Qd2 Rh6 15.Nc3 Rg6
16.Bd3 Ne7 17.Nh4 Bxd3 18.Qxd3 Rh6 19.f4 g6 20.Nb5 a6 21.Nd6 Rc7 22.Qd2 Kg8
23.Rac1  1/2-1/2

[Event "Caorle op"]
[Site "Caorle"]
[Date "1989.??.??"]
[Round "8"]
[White "Leoncini, Mario"]
[Black "Spasojevic, Zoran"]
[Result "0-1"]
[WhiteElo "2070"]
[BlackElo "2285"]

1.e4 c5 2.c3 Nf6 3.e5 Nd5 4.d4 cxd4 5.Bc4 Nb6 6.Bb3 dxc3 7.Nxc3 Nc6 8.Nf3 d6
9.O-O e6 10.Bg5 Qd7 11.exd6 Bxd6 12.Nb5 Bb8 13.Qe2 f6 14.Rfe1 e5 15.Be3 Qe7
16.Rac1 Be6 17.Bc5 Qf7 18.Bxe6 Qxe6 19.Nfd4 Nxd4 20.Nxd4 Qd7 21.Red1 Nd5
22.g3 Kf7 23.Nb5 Qe6 24.Qc4 Rd8 25.Rc2 a6 26.Nc3 Nc7 27.Qe2 Rxd1+ 28.Qxd1 Ne8
29.Qd8 Kg6 30.Rd2 Qc6 31.Bf8 b5 32.Qd3+ Kf7 33.Ba3 Ba7 34.Qxh7 Bd4 35.h4 a5
36.h5 b4 37.h6 bxc3 38.Rc2 Qf3 39.Qh8 Qxg3+ 40.Kf1 Qh3+ 41.Ke1 Qxh6 42.Qf8+ Kg6
43.bxc3 Qh1+  0-1

[Event "Cappelle op"]
[Site "Cappelle"]
[Date "1989.??.??"]
[Round "?"]
[White "Berthelot, Yannick"]
[Black "Rashkovsky, Nukhim N"]
[Result "1/2-1/2"]
[WhiteElo "2330"]
[BlackElo "2520"]

1.e4 c5 2.c3 Nf6 3.e5 Nd5 4.d4 cxd4 5.Nf3 Nc6 6.Bc4 Nb6 7.Bb3 d5 8.exd6 e6
9.cxd4 Bxd6 10.O-O Ne7 11.Ne5 O-O 12.Nc3 Bd7 13.Bc2 Nbd5 14.Bg5 Nxc3 15.bxc3 f6
16.Qh5 g6 17.Nxg6 Be8 18.Nxe7+ Qxe7 19.Qh6 fxg5 20.Bxh7+ Qxh7 21.Qxe6+ Qf7
22.Qxd6 Bb5 23.Rfe1 Qxf2+ 24.Kh1 Qf5 25.h3 Bc6 26.Qh6 Rae8 27.Rf1 Re6 28.Rxf5 Rxh6
29.Rxg5+ Kf7 30.Rf1+ Rf6 31.Rgf5 Ke7 32.Re5+ Kd6 33.Rxf6+ Rxf6 34.Kg1 Bd5
35.a3 Rf8 36.Re3 b5 37.h4 a5 38.g4 Rf4 39.Rg3 Be6 40.h5 Rxg4 41.Rxg4 Bxg4
42.h6 Bf5 43.Kf2 Kd5 44.Ke3 Kc4 45.Kd2 a4 46.Ke3 Bh7 47.Kf4 Kd5 48.Kg5 Ke6
49.Kg4 Kf6 50.Kf4 Bf5 51.Ke3 Bb1 52.Kf4 Bh7 53.Ke3 Kf5 54.Kf3 Kg5 55.Ke3 Kf5
56.Kf3 Bg6 57.Ke3 Ke6 58.Kf4 Kf6 59.Ke3 Bb1 60.Kf4 Bc2 61.Ke3 Ke6 62.Kf4 Kd5
63.Kg5 Kc4 64.Kh5 Be4 65.Kg5 Bd3 66.Kf4 Bc2 67.Ke5 Kxc3 68.d5 b4 69.axb4 a3
70.d6 a2 71.d7 a1=Q 72.d8=Q Qe1+ 73.Kd6 Qg3+ 74.Kc5 Qe3+ 75.Kd6 Qf4+ 76.Kc6 Be4+
77.Kb6 Qf2+ 78.Ka6 Qa2+ 79.Kb6 Qe6+ 80.Ka5 Qa2+ 81.Kb6  1/2-1/2

[Event "Cappelle op"]
[Site "Cappelle"]
[Date "1989.??.??"]
[Round "?"]
[White "Manca, Federico"]
[Black "Szekely, Peter"]
[Result "1/2-1/2"]
[WhiteElo "2285"]
[BlackElo "2420"]

1.e4 c5 2.c3 Nf6 3.e5 Nd5 4.d4 cxd4 5.Nf3 d6 6.cxd4 Nc6 7.Nc3 dxe5 8.dxe5 Ndb4
9.a3 Qxd1+ 10.Kxd1 Na6 11.Be3 Bg4 12.Be2 Nc7 13.h3 Be6 14.Ng5 Bb3+ 15.Ke1 Nd5
16.Nxd5 Bxd5 17.e6 fxe6 18.Bg4 Nd8  1/2-1/2

[Event "Cheliabinsk"]
[Site "Cheliabinsk"]
[Date "1989.??.??"]
[Round "?"]
[White "Sveshnikov, Evgeny"]
[Black "Panchenko, Alexander N"]
[Result "1/2-1/2"]
[WhiteElo "2485"]
[BlackElo "2430"]

1.e4 c5 2.c3 Nf6 3.e5 Nd5 4.d4 cxd4 5.Qxd4 e6 6.Nf3 Nc6 7.Qe4 d6 8.Nbd2 dxe5
9.Nxe5 Nxe5 10.Qxe5 Qc7 11.Bb5+ Bd7 12.Bxd7+ Qxd7 13.a4 Qc7 14.Qxc7 Nxc7  1/2-1/2